Buenas prácticas para la gestión de los páramos : (Registro nro. 8441)

Detalles MARC
000 -CABECERA
Campo de control 01618nam a22004217a 4500
005 - FECHA Y HORA DE LA ULTIMA TRANSACCION
Campo de control 20170419020001.0
008 - ELEMENTOS DE LONGITUD FIJA—INFORMACION GENERAL
Campo de control 131112s2012 ec a gr 000 0dspa d
020 ## - ISBN
ISBN 9789942115737
040 ## - FUENTE DE CATALOGACIÓN
Agencia catalogadora original CO-BoIAVH
Agencia transcriptora CO-BoIAVH
041 0# - IDIOMA
Código de idioma para texto/pista de sonido o título separado Español
044 ## - PAÍS DE PUBLICACIÓN
País de publicación Ecuador
082 04 - NUMERO DE CLASIFICACION DECIMAL DEWEY
Número de clasificación 574.52621
Número del ítem C92p2
245 00 - MENCION DE TITULO
Título Buenas prácticas para la gestión de los páramos :
Parte restante del título Venezuela, Colombia, Ecuador y Perú /
Mención de responsabilidad Mayanín Rodríguez ... [et al.] ; fotografías Henriette Arreaza ... [et al.].
260 ## - PUBLICACION, DISTRIBUCION, ETC. (PIE DE IMPRENTA)
Lugar de publicación, distribución, etc. Quito :
Nombre del editor, distribuidor, etc. Condesan,
Fecha de publicación, distribución, etc. 2012.
300 ## - DESCRIPCION FISICA
Extensión 179 p. :
Otros detalles físicos il. ;
Dimensiones 30 cm.
505 ## - NOTA DE CONTENIDO
Nota de contenido Buenas prácticas promovidas por el PPA (p. 11)
505 ## - NOTA DE CONTENIDO
Nota de contenido Venezuela (p. 15)
505 ## - NOTA DE CONTENIDO
Nota de contenido Colombia (p. 65)
505 ## - NOTA DE CONTENIDO
Nota de contenido Ecuador (p. 123)
505 ## - NOTA DE CONTENIDO
Nota de contenido Peru (p. 151)
650 #4 - ASIENTO SECUNDARIO DE MATERIA - TERMINO TEMATICO
Término temático o nombre geográfico como elemento de entrada Ecología de páramos
Subdivisión geográfica Colombia.
650 #4 - ASIENTO SECUNDARIO DE MATERIA - TERMINO TEMATICO
Término temático o nombre geográfico como elemento de entrada Ecología de páramos
Subdivisión geográfica Venezuela.
650 #4 - ASIENTO SECUNDARIO DE MATERIA - TERMINO TEMATICO
Término temático o nombre geográfico como elemento de entrada Ecología de páramos
Subdivisión geográfica Ecuador.
650 #4 - ASIENTO SECUNDARIO DE MATERIA - TERMINO TEMATICO
Término temático o nombre geográfico como elemento de entrada Ecología de páramos
Subdivisión geográfica Perú
650 #4 - ASIENTO SECUNDARIO DE MATERIA - TERMINO TEMATICO
Término temático o nombre geográfico como elemento de entrada Páramos
Subdivisión geográfica Colombia.
650 #4 - ASIENTO SECUNDARIO DE MATERIA - TERMINO TEMATICO
Término temático o nombre geográfico como elemento de entrada Páramos
Subdivisión geográfica Venezuela.
650 #4 - ASIENTO SECUNDARIO DE MATERIA - TERMINO TEMATICO
Término temático o nombre geográfico como elemento de entrada Páramos
Subdivisión geográfica Ecuador.
650 #4 - ASIENTO SECUNDARIO DE MATERIA - TERMINO TEMATICO
Término temático o nombre geográfico como elemento de entrada Páramos
Subdivisión geográfica Perú.
650 #4 - ASIENTO SECUNDARIO DE MATERIA - TERMINO TEMATICO
Término temático o nombre geográfico como elemento de entrada Conservación de páramos
Subdivisión geográfica Colombia.
650 #4 - ASIENTO SECUNDARIO DE MATERIA - TERMINO TEMATICO
Término temático o nombre geográfico como elemento de entrada Conservación de páramos
Subdivisión geográfica Venezuela.
650 #4 - ASIENTO SECUNDARIO DE MATERIA - TERMINO TEMATICO
Término temático o nombre geográfico como elemento de entrada Conservación de páramos
Subdivisión geográfica Ecuador.
650 #4 - ASIENTO SECUNDARIO DE MATERIA - TERMINO TEMATICO
Término temático o nombre geográfico como elemento de entrada Conservación de páramos
Subdivisión geográfica Perú.
700 1# - ASIENTO SECUNDARIO - NOMBRE PERSONAL
Nombre personal Rodríguez, Mayanín.
700 1# - ASIENTO SECUNDARIO - NOMBRE PERSONAL
Nombre personal Arreaza, Henritte,
Término de relación fot.
700 1# - ASIENTO SECUNDARIO - NOMBRE PERSONAL
Nombre personal Crespo Coello, Patricio,
Término de relación ed.
700 1# - ASIENTO SECUNDARIO - NOMBRE PERSONAL
Nombre personal Rodríguez Morales, Tatiana,
Término de relación ed.
942 ## - ELEMENTOS ADICIONALES (KOHA)
Sistema de clasificación Dewey Decimal Classification
Tipo de ítem Libro
Koha issues (borrowed), all copies 2
Existencias
Withdrawn status Lost status Sistema de Clasificación Damaged status No para préstamo Colección Inventariado Ubicación Permanente Ubicación actual Fecha de adquisición Fuente de Valor Valor Total Checkouts Total Renewals Número topográfico Inventario / Código de Barras Date last seen Date checked out Ejemplar Price effective from Forma de adquisición Tipo de material
    Dewey Decimal Classification     Humboldt Inventariado 2017 Bogotá Bogotá 20/05/2014 Instituto 39000.00 2 1 IAVH-574.52621 C92p2 038049 18/04/2017 18/04/2017 Ej. 1 20/05/2014 Institucional Libro
    Dewey Decimal Classification   No para Préstamo Humboldt Inventariado 2017 Bogotá Bogotá 23/02/2017 Instituto 39000.00     IAVH-574.52621 C92p2 042479 23/02/2017   Ej. 3 23/02/2017 Institucional Libro
    Dewey Decimal Classification     Humboldt Inventariado 2017 Sala Fabio Quevedo Sala Fabio Quevedo 13/02/2015 Instituto 39000.00     IAVH-574.52621 C92p2 038687 13/02/2015   Ej. 2 13/02/2015   Libro